000 02049nam a2200349 i 4500
005 20250331184429.0
007 ta
008 170815s2019 ck ad gr 001 0 spa d
020 _a9789587678246
040 _aCO-CtgCURN
_bspa
_ccoctgcurn
041 0 _aspa
043 _as-ck---
082 0 4 _a343.04
_bC718 2019
_222
110 2 _aColombia. Leyes, etc.
240 0 0 _aLeyes, etc
245 1 0 _aEstatuto tributario 2019 /
_cactualizada por Nubia Yomara Velandia Forero ; revision y redactor Edwin Mauricio Romero Alzate.
250 _aVigesima sexta edición.
260 _aBogota :
_bLegis,
_c2019.
300 _acxxxvi, 924 páginas :
_bilustraciones y diagramas en blanco y negro ;
_c24 cm.
336 _atexto
_btxt
_2rdacontent
337 _asin mediación
_bn
_2rdamedia
338 _avolumen
_bnc
_2rdacarrier
520 3 _a"Publicación que compila en orden cronolg̤ico las leyes y decretos vigentes sobre impuestos de carc̀ter nacional administrados por la DIAN expedidos desde 1930; contiene el DUR tributario actualizado (D.R. 1625/2016). Se destaca para esta edición la inclusin̤ de ms̀ de 20 decretos reglamentarios sobre la reforma tributaria del aǫ 2016 (Ley 1819), entre los que cabe mencionar los relacionados con: rentas cedulares para personas naturales, rǧimen tributario especial, conciliación fiscal y contable, precios de transferencia, Zomac, entre otros. Las normas se enriquecen con valores agregados como notas del editor de analisis de vigencia de las normas, referencias a NIF, concordancias, cuadros, valores de UVT reexpresados a pesos."
500 _aIncluye indice alfabético-informativo.
650 1 4 _aDerechos de autor y radiodifusión
_zColombia.
650 1 4 _aImpuestos
_xLegislación
_y2018
_zColombia.
650 1 4 _aReforma tributaria
_y2016
_zColombia.
700 1 _aVelandia Forero, Nubia Yomara.
700 1 _aRomero Alzate, Edwin Mauricio,
_erevisor,
_eredactor.
942 _aBK
_cBK
_h343.04
_iC718 2019
_2ddc
999 _c19388
_d19388